1118 1303 1747 1288 1023 1430 1980 1872 1889 1161 1857 1346 1490 1351 1363 1996 1100 1197 1047 1398 1076 1248 1514 1474 1070 1275 1035 1673 1760 1489 1959 1605 1782 1907 1287 1900 1133 1420 1268 1049 1529 1266 1947 1089 1965 1830 1061 1983 1236 1672 1194 1888 1720 1975 1200 1326 1349 1293 1533 1002 1961 1420 1265 1865 1292 1024 1108 1814 1218 1816 1813 1148 1735 1458 1825 1764 1292 1807 1587 1058 1207 1366 1996 1143 1969 1633 1100 1945 1223 1102 1864 1832 1050 1714 1309 1517 1857 1833 1063 BCNSPRNW ULIB Ver.6.0+V

เปลี่ยนเป็นภาษาไทย

Change to English
 แสดงรายละเอียดบรรณานุกรม
  กลับหน้าหลัก

Brief Record : Get Marc (ISO 2709) : E-mail record : QR code < ปิดหน้าต่าง
LEADER : 00000nam 2200000uu 4500
001    13399122944
003     ULIB
008    020711s2549 th a 000 0 tha d
020    9749942922
020    9789749942925
050    Z675^bน522ห
100    น้ำทิพย์ วิภาวิน
245    ห้องสมุดDekkid.comศูนย์รวมความรู้ห้องสมุดยุคใหม่ /^cน้ำทิพย์ วิภาวิน
260    กรุงเทพฯ :^bเอสอาร์ พริ้นติ้ง แมสโปรดักส์,^c2549
300    101 หน้า
650    ห้องสมุด
945    ^p109^l0^i20249
รายการนี้ยังไม่มีแท็ก
คุณยังไม่ได้ล็อกอิน คุณสามารถมีกิจกรรมร่วมกับเว็บไซต์ได้ แต่ต้องล็อกอินก่อน ::
  ล็อกอิน

รายการสื่อสารสนเทศ

ลำดับที่ ประเภท เลขเรียก/บาร์โค้ด สถานที่ สถานะ
1. การศึกษาทั่วไป
การศึกษาทั่วไป
Z675 น522ห ฉ.1 
  Barcode: 20249
ห้องสมุดวิทยาเขตนครสวรรค์
►หนังสือทั่วไป:l:General Books
บนชั้น

รายการใกล้เคียง
    ผู้แต่ง [น้ำทิพย์ วิภาวิน]

    หัวเรื่อง [ห้องสมุด]

BibComment


ยังไม่เคยถูกคอมเมนท์

คอมเมนท์ทรัพยากรรายการนี้
  คอมเมนท์: ห้องสมุดDekkidcom..


 Copyright 2026. Bcnsprnw @Library